000
00226nam a22000857a 4500
008
160714b xxu||||| |||| 00| 0 eng d
100
_9
2838
_a
Reader's Digest
245
_a
How is it done?
260
_a
New York
_b
Reader's Digest
_c
1990
999
_c
2424
_d
2424